000 00299nam a2200133Ia 4500
100 _aKnopp/Konrad
942 _cBK
654 _asequences
245 _aInfinite sequences and series
260 _bDover publications
_aNew York
_c1956
082 _a515.24
_bKNO
300 _a186
546 _aENGLISH
999 _c26572
_d26572